000 00594nam a2200229Ia 4500
003 OSt
005 20220925172646.0
006 a|||||r|||| 00| 0
007 ta
008 220923b |||||||| |||| 00| 0 eng d
037 _cGeneral Book
040 _aRTL
_cRTL
_beng
041 _2eng
_aeng
082 _aX:8K, K6
100 _aRustomji M K
_9130217
245 0 _aWatch your costs
260 _aBombay
_bN M Tripathi India
_c1966
300 _a51p.
_ccm.
650 _aCost Accuonts
_9232698
942 _hX:8K, K6
_cGB
_2CC
999 _c485640
_d485640